Sports Quiz

Random Sports or State Quiz

Top 10 top 5 Quiz Stats

 Plays Quiz not verified by Sporcle

Challenge
Share
Tweet
Embed
Score 0/54 Timer 15:00
0 Plays Today
nhl career goals/nfl passing yards player % Correct
NHL career goalsWayne Gretzky
94.4%
NHL most points in a season (different players)Wayne Gretzky
94.4%
MLB Most home-runs of all timeBarry Bonds
92.6%
NFL career passing yardsBrett Favre
91.3%
NFL career passing yardsDan Marino
90.8%
NBA Most points all timeMichael Jordan
89.7%
MLB Most home-runs of all timeHank Aaron
89.2%
NBA highest APG in a season (different players)Magic Johnson
89%
MLB Most home-runs of all timeBabe Ruth
88.9%
MLB most career wins Walter Johnson
88.9%
NBA highest APG in a season (different players)Kevin Johnson
88.9%
NBA Most points all timeKareem Abdul-Jabbar
86.3%
NFL most receiving touchdowns in a seasonJerry Rice
85.8%
MLB most career wins Cy Young
83.9%
NFL most receiving touchdowns in a seasonRandy Moss
82.6%
NFL most rushing touchdowns in a seasonLaDainian Tomlinson
82.4%
MLB Most home-runs of all timeWillie Mays
78.9%
MLB most career savesLee Smith
77.9%
NFL most rushing touchdowns in a seasonEmmitt Smith
77.7%
NBA Most points all timeWilt Chamberlain
75.6%
NFL career passing yardsPeyton Manning
75.3%
NBA Most points all timeKarl Malone
73.5%
NFL career passing yardsJohn Elway
73.1%
NHL career goalsGordy Howe
71.5%
NFL most rushing touchdowns in a seasonShaun Alexander
70.8%
MLB most career wins Pete Alexander
70.8%
MLB most career savesMariano Rivera
70.3%
nhl career goals/nfl passing yards player % Correct
NHL most points in a season (different players)Mario Lemieux
70%
MLB most career savesTrevor Hoffman
67.4%
NHL career goalsBobby Hull
66.8%
MLB Most home-runs of all timeKen Griffey Jr
64.8%
NBA highest APG in a season (different players)John Stockton
61%
NFL most rushing touchdowns in a seasonPriest Holmes
52.3%
NBA Most points all timeShaquille O'Neal
50.5%
NFL career passing yardsWarren Moon
47.7%
NFL most receiving touchdowns in a seasonCris Carter
40.6%
NHL career goalsPhil Esposito
37.1%
NHL most points in a season (different players)Phil Esposito
37.1%
NHL most points in a season (different players)Steve Yzerman
36.3%
MLB most career savesDennis Eckersley
33.7%
MLB most career wins Christy Mathewson
33.5%
NHL career goalsMarcel Dionne
31.5%
NBA highest APG in a season (different players)Isiah Thomas
26.6%
MLB most career savesJohn Franco
25.8%
NFL most receiving touchdowns in a seasonSterling Sharpe
16.9%
NHL most points in a season (different players)Bernie Nicholls
16.6%
NFL most rushing touchdowns in a seasonJohn Riggins
14.4%
NFL most receiving touchdowns in a seasonMark Clayton
13.4%
MLB most career wins Pud Galvin
11.6%
NFL most receiving touchdowns in a seasonDon Hutson
10%
NBA highest APG in a season (different players)Kevin Porter
5.2%
NFL most receiving touchdowns in a seasonCarl Pickens
4%
NFL most receiving touchdowns in a seasonElroy Hirsch
1.9%
NFL most receiving touchdowns in a seasonBill Groman
1.1%

You're not logged in!

Compare scores with friends on all Sporcle quizzes.
Join for Free
OR
Log In

You Might Also Like...

Show Comments

Extras

Top Quizzes Today


Score Distribution

Your Account Isn't Verified!

In order to create a playlist on Sporcle, you need to verify the email address you used during registration. Go to your Sporcle Settings to finish the process.

Report this User

Report this user for behavior that violates our Community Guidelines.

Details: